Cyber Law text and cases (Record no. 8296)
[ view plain ]
| 000 -LEADER | |
|---|---|
| fixed length control field | 00269nam a2200109Ia 4500 |
| 100 ## - MAIN ENTRY--AUTHOR NAME | |
| Personal name | Ferrera, Lichtenstein |
| 245 #0 - TITLE STATEMENT | |
| Title | Cyber Law text and cases |
| 260 ## - PUBLICATION, DISTRIBUTION, ETC. (IMPRINT) | |
| Place of publication | India |
| Name of publisher | Prentice Hall |
| Year of publication | 2000 |
| 300 ## - PHYSICAL DESCRIPTION | |
| Number of Pages | 521 |
| 942 ## - ADDED ENTRY ELEMENTS (KOHA) | |
| Koha item type | Books |
| Withdrawn status | Lost status | Permanent Location | Current Location | Date acquired | Full call number | Accession Number | Koha item type |
|---|---|---|---|---|---|---|---|
| | | MAJU | MAJU | 2019-09-13 | 005.12 | 2918 | Books |